| 000 | 00608cam a2200193ua 4500 | ||
|---|---|---|---|
| 041 |
_amal _h |
||
| 082 |
_a894.8121 _bKUN/BH |
||
| 100 |
_aKunnukuttan Thampuran, Kodungallur . _95967 |
||
| 240 | 1 | 0 | _aBhasabharatham. mal . |
| 245 |
_aBhasabharatham: Santhiparvam / _cKodungallur Kunnukuttan Thampuran. _hTextual Documents |
||
| 260 |
_aThrissur : _bCurrent Books , _c1992. |
||
| 300 | _a ; . | ||
| 504 | _a | ||
| 730 | 0 |
_aBhasabharatham. mal . _95968 |
|
| 942 | _cBK | ||
| 999 |
_c48 _d48 |
||
| 003 | @ | ||
| 003 | OSt | ||